000 00246nam a22001217a 4500
003 SGT
082 _a370,SHA
100 _aSHARMA, SANDEEP.
245 _aHEALING AND HOPE
260 _aNEW DELHI
_bRIP PUB.
_c204
300 _a476
942 _2ddc
_cBK
999 _c29111
_d29111